| 000 | 00954cam a22003017a 4500 | ||
|---|---|---|---|
| 003 | CHAP | ||
| 005 | 20220329135251.0 | ||
| 008 | 971013s1977 br r 00010 spa d | ||
| 010 | _a33536 | ||
| 011 | _a34508 | ||
| 035 | _a38624 | ||
| 040 | _cCHAP | ||
| 082 | 0 | 4 |
_a633.73016 _bE5 |
| 110 | 2 |
_aEmpresa Brasileira de Asistencia Técnica e Extensao Rural _936593 |
|
| 245 | 1 | 0 | _aBibliografía de café |
| 260 |
_aBrasilia : _b(s.e), _c1977 |
||
| 300 | _av. | ||
| 500 | _aLa biblioteca tiene : v.2 | ||
| 590 |
_aBATCH-UPD _b10 _c20130110 _lUCH01 _h2120 |
||
| 590 |
_aBATCH-UPD _b10 _c20130410 _lUCH01 _h1430 |
||
| 590 |
_aBATCH-UPD _b10 _c20130914 _lUCH01 _h0810 |
||
| 590 |
_aCONVERSION _b10 _c20130109 _lUCH01 _h1319 |
||
| 650 | 1 | 4 |
_aCafé _xBibliografía. _917112 |
| 901 | _aBK | ||
| 942 | _cLIBRO | ||
| 949 |
_a633.73016 E5 _bBC _cC _d33724000653523 _eC _fv.2 _h43197 _i38624 _mD _si |
||
| 949 |
_a633.73016 E5 _bBC _cC _d33724000653531 _eC _fv.2 c.2 _h43385 _i38624 _si |
||
| 999 |
_c33536 _d33536 |
||